| 000 | 01041nam a2200289 i 4500 | ||
|---|---|---|---|
| 001 | 000048999 | ||
| 003 | DO-SdBNP | ||
| 005 | 20250904074751.0 | ||
| 007 | ta | ||
| 008 | 190712d2001 dr r 000 0 spa d | ||
| 020 | _a9993458007 | ||
| 040 |
_aDO-SdBNP _bspa _cBNPHU _erda |
||
| 041 | _aspa | ||
| 082 | 4 |
_axxxx _bC172g _222 |
|
| 100 | 1 |
_aCamacho Hidalgo, Ignacio P., _eautor _4aut. _976424 |
|
| 245 | 1 | 0 |
_aGuía y práctica penal : _btribunal de primera instancia / _cIgnacio P. Camacho Hidalgo ; prólogo, Franklin García Fermín. |
| 264 | 4 |
_aSanto Domingo : _bEditora Centenario, _c©2001. |
|
| 300 |
_a364 páginas ; _c23 cm. |
||
| 336 |
_atexto _btxt _2rdacontent |
||
| 337 |
_asin mediación _bn _2rdamedia |
||
| 338 |
_avolumen _bnc _2rdacarrier |
||
| 500 | _aIncluye datos biográficos del autor en la solapa de la cubierta | ||
| 500 | _aIncluye referencias bibliográficas y notas al pie de las páginas | ||
| 590 | _aInventariado, 2019/BT | ||
| 700 | 1 |
_aGarcía Fermín, Franklin, _eprologuista _4pr. _96422 |
|
| 942 |
_2ddc _cLBS1 |
||
| 999 |
_c48487 _d48487 |
||